000
00283nam a22001337a 4500
008
171010b xxu||||| |||| 00| 0 eng d
020
_a
9780195129922
041
_a
eng
080
_a
316
100
_a
50
101
_a
SOC
245
_a
SOCIAL PROBLEMS
_c
HEINER.R
942
_2
udc
_c
BK
999
_c
32789
_d
32789